书目信息 |
| 题名: |
低温物理学
|
|
| 作者: | 曹烈兆 编著 | |
| 分册: | ||
| 出版信息: | 合肥 中国科学技术大学出版社 1999 |
|
| 页数: | 13,620页 | |
| 开本: | 20cm | |
| 丛书名: | ||
| 单 册: | ||
| 中图分类: | O51 | |
| 科图分类: | ||
| 主题词: | 低温物理学 | |
| 电子资源: | ||
| ISBN: | 7-312-01022-9 | |
| 000 | 00575nam0 2200217 45 | |
| 001 | 012003008070 | |
| 005 | 20031219104114.1 | |
| 010 | @a7-312-01022-9@dCNY22.00 | |
| 100 | @a19991022d1999 em y0chiy0121 ea | |
| 101 | 0 | @achi |
| 102 | @aCN@b340000 | |
| 105 | @ay z 000yy | |
| 106 | @ar | |
| 200 | 1 | @a低温物理学@Adi wen wu li xue@f曹烈兆等编著 |
| 210 | @a合肥@c中国科学技术大学出版社@d1999 | |
| 215 | @a13,620页@d20cm | |
| 606 | @a低温物理学 | |
| 690 | @aO51@v4 | |
| 701 | 0 | @a曹烈兆@Acao lie zhao@4编著 |
| 801 | @aCN@bTSTC@c20030909 | |
| 905 | @b324931-935@dO51@e9@f5 | |
| 低温物理学/曹烈兆等编著.-合肥:中国科学技术大学出版社,1999 |
| 13,620页;20cm |
| ISBN 7-312-01022-9:CNY22.00 |
| ● |
| 相关链接 |
|
|
|
|
正题名:低温物理学
索取号:O51/9
 
预约/预借
| 序号 | 登录号 | 条形码 | 馆藏地/架位号 | 状态 | 备注 |
| 1 | 0324931 | 203249314 | 第三借阅区/ [索取号:O51/9] | 在馆 | |
| 2 | 0324932 | 203249323 | 第三借阅区/ [索取号:O51/9] | 在馆 | |
| 3 | 0324933 | 203249332 | 第三借阅区/ [索取号:O51/9] | 在馆 | |
| 4 | 0324934 | 203249341 | 第三借阅区/ [索取号:O51/9] | 在馆 | |
| 5 | 0324935 | 203249350 | 第二样本阅览室/ [索取号:O51/9] | 在馆 |